000 00791cam a2200241 a 4500
001 000003971
005 20200929150639.0
008 740606s1967 mx 000 f spa
040 _aDO-SdBNP
_bspa
_cBNPHU
041 1 7 _aspa
_heng
082 _a813.54
_bS699e
100 1 _aSontag, Susan,
_d1933-2004
_911917
240 1 0 _aDeath kit.
_lEspañol
245 1 0 _aEstuche de muerte /
_cSusan Sontag ; traducción de Roberto Ruiz.
260 _aMexico, D. F. :
_bJoaquín Mortiz,
_c1967.
300 _a372 p. ;
_c19 cm.
440 4 _aNovelistas contemporáneos
_911918
534 _pTítulo original:
_tDeath kit
650 4 _aNovela
_xFicción
_zEstadounidense
_911919
650 4 _aNovela
_xPsicológica
_911920
650 4 _aLiteratura estadounidense
_9263
700 1 _aRuiz, Roberto,
_etr.
_911921
999 _c3790
_d3790